000 00303cam a2200145ua 4500
001 5124
008 120402n II |||gr||||Z||||||eng
040 _aMAIN
041 _aEnglish
082 _a954 MAH
100 _aMAHAJAN , V.D.
245 _aANCIENT INDIA
653 _aSouth Asia India
942 _cBK
999 _c5109
_d5109